MARC

LEADER 00000nam0a2200000 4500
001 62144
005 20231101212004.0
010 |a 5982980749 
035 |a (RuTPU)RU\TPU\book\65877 
090 |a 62144 
100 |a 20040405d2003 m y0rusy50 ca 
101 0 |a rus 
102 |a RU 
105 |a y j 001zy 
200 1 |a Внешняя политика Российской Федерации (1991 - 2000 гг.)  |e хрестоматия-практикум для вузов  |f Томский политехнический университет; сост. А. Н. Першикова 
210 |a Томск  |c Изд-во ТПУ  |d 2003 
215 |a 175 с. 
225 1 |a Учебники Томского политехнического университета 
320 |a Библиогр. в конце статей 
606 1 |a Внешняя политика  |x Российская Федерация  |2 stltpush  |3 (RuTPU)RU\TPU\subj\69008  |9 84039 
610 1 |a политика 
610 1 |a Россия 
610 1 |a теории 
610 1 |a история 
610 1 |a международные отношения 
610 1 |a регионалистика 
610 1 |a СНГ 
610 1 |a Европа 
610 1 |a США 
610 1 |a Азиатско-Тихоокеанский регион 
610 1 |a 20 век 
610 1 |a хрестоматии 
610 1 |a учебные пособия 
686 |a Ф4(2)я73  |v LBC/SL-A  |2 rubbk 
702 1 |a Першиков  |b А. Н.  |c историк  |c доцент Томского политехнического университета, кандидат исторических наук  |f 1946-  |g Анатолий Николаевич  |2 stltpush  |3 (RuTPU)RU\TPU\pers\26636  |4 220 
712 0 2 |a Томский политехнический университет  |2 stltpush  |3 (RuTPU)RU\TPU\col\376 
801 1 |a RU  |b 63413507  |c 20040405  |g PSBO 
801 2 |a RU  |b 63413507  |c 20181208  |g PSBO 
900 |a Регионоведение 
900 |a Международные отношения 
900 |a Связи с общественностью 
900 |a Современные международные отношения 
942 |c BK 
951 |a 521300  |b 032300  |b 032301